Cost accounting: principles and managerial applications

Gorde:
Xehetasun bibliografikoak
Egile nagusia: Crowningshield, Gerald R (Egilea)
Formatua: Liburua
Hizkuntza:ingelesa
Argitaratua: Boston Houghton Mifflin 1962
Gaiak:
Etiketak: Etiketa erantsi
Etiketarik gabe, Izan zaitez lehena erregistro honi etiketa jartzen!

MARC

LEADER 00000nam a2200000 a 4500
001 UCQ0234
003 CL-VaPUC
008 980627e19620000US |||||||||||||||||eng|d
082 0 4 |a 658.151  |b CRO  |2 21 
100 0 |a Crowningshield, Gerald R  |e author  |9 413338 
245 1 0 |a Cost accounting: principles and managerial applications 
300 |a 696 p 
942 |c BK 
945 |d 19980627 00:00:00  |a cmena 
260 |a Boston  |b Houghton Mifflin  |c 1962 
650 0 |a Administración de empresas   |9 260833 
650 0 |a Contabilidad de costos   |9 260564 
650 0 |a Costos   |9 261063 
650 0 |a Administración financiera  |9 261146 
650 0 |a Estados de cuentas  |9 352305 
650 7 |a PLANIFICACION Y CONTROL  |2 CL-VaPUC  |9 413339 
650 0 |a Toma de decisiones   |9 257530 
583 |a last modification  |c 19980627 00:00:00  |k Rodrigo Vera 
999 |c 271373  |d 271371